Điều khiển Robot Pioneer P3-DX bằng giọng nói với đặc trưng MFCC và mô hình SVM : Luận văn Thạc sĩ Công nghệ thông tin. Chuyên ngành Hệ thống thông tin
Đề tài tìm hiểu về bài toán nhận dạng tiếng nói và ý nghĩa thực tiễn, các nghiên cứu liên quan về nhận dạng tiếng nói, nghiên cứu cơ chế vận hành của Robot Pioneer P3-DX và các bước của quy trình nhận dạng tiếng nói đặc trưng MFCC và mô...
Gorde:
| Egile nagusia: | |
|---|---|
| Formatua: | Liburua |
| Hizkuntza: | Undetermined |
| Argitaratua: |
Cần Thơ
Trường Đại học Cần Thơ
2015
|
| Gaiak: | |
| Etiketak: |
Etiketa erantsi
Etiketarik gabe, Izan zaitez lehena erregistro honi etiketa jartzen!
|
| Thư viện lưu trữ: | Trung tâm Học liệu Trường Đại học Cần Thơ |
|---|
| LEADER | 01260nam a2200205Ia 4500 | ||
|---|---|---|---|
| 001 | CTU_203596 | ||
| 008 | 210402s9999 xx 000 0 und d | ||
| 082 | |a 629.892 | ||
| 082 | |b T502 | ||
| 100 | |a Đặng, Hoàng Tuấn | ||
| 245 | 0 | |a Điều khiển Robot Pioneer P3-DX bằng giọng nói với đặc trưng MFCC và mô hình SVM : | |
| 245 | 0 | |b Luận văn Thạc sĩ Công nghệ thông tin. Chuyên ngành Hệ thống thông tin | |
| 245 | 0 | |c Đặng Hoàng Tuấn ; Đỗ Thanh Nghị, Phạm Nguyên Khang (Hướng dẫn khoa học) | |
| 260 | |a Cần Thơ | ||
| 260 | |b Trường Đại học Cần Thơ | ||
| 260 | |c 2015 | ||
| 520 | |a Đề tài tìm hiểu về bài toán nhận dạng tiếng nói và ý nghĩa thực tiễn, các nghiên cứu liên quan về nhận dạng tiếng nói, nghiên cứu cơ chế vận hành của Robot Pioneer P3-DX và các bước của quy trình nhận dạng tiếng nói đặc trưng MFCC và mô hình SVM. | ||
| 650 | |a Rô bốt,Robot,Điều khiển tự động,Automatic control | ||
| 904 | |i Hải | ||
| 980 | |a Trung tâm Học liệu Trường Đại học Cần Thơ | ||